7 Brothers : figlio dell'inferno /

Na minha lista:
Detalhes bibliográficos
Autor principal: Woo, John (Author)
Outros Autores: Ennis, Garth, Kang, Jeevan
Formato: Livro
Idioma:Língua italiana
Publicado em: Modena : Panini Comics, 2007
Tags: Adicionar Tag
Sem tags, seja o primeiro a adicionar uma tag!

MARC

LEADER 00000nam a22000007i 4500
001 IT\ICCU\UBO\3468298
003 ItRI
005 20260115232147.0
008 080806s2007 it |||||| ||||| |||||c
020 |a 9788883437212 
040 |b ita  |c importazione bologna sebina 
041 7 |a ita  |2 ISO-639-2 
100 1 |a Woo, John  |0 IT\ICCU\RAVV\105207  |4 aut 
245 1 0 |a 7 Brothers :  |b figlio dell'inferno /  |c John Woo ; sceneggiatura Garth Ennis ; disegni di Jeevan Kang. 
260 |a Modena :  |b Panini Comics,  |c 2007 
300 |a 1 v. :  |b in gran parte ill. ;  |c 28 cm. 
700 1 |a Ennis, Garth  |0 IT\ICCU\CFIV\076770 
700 1 |a Kang, Jeevan  |0 IT\ICCU\UBOV\256353 
942 |2 ddc  |c BK  |n 0 
952 |0 0  |1 0  |4 0  |6 F_741_500000000000000_WOO  |7 0  |9 21147  |a BO  |b BO  |d 2026-01-15  |i 14125  |l 0  |o F 741.5 WOO  |p BO14125  |r 2026-01-15 23:21:47  |w 2026-01-15  |x [Sebina 5] [1 v.]  |y BK  |z 1 v. 
999 |c 18070  |d 18070